000 01059nam a2200289 i 4500
001 49803
003 ES-MaACL
005 20250812015017.0
007 t|
008 030723s1978 sp ||||1| spa d
020 _a84-7392-032-5
080 _a094.1"16":929.6
100 1 _aCovarrubias Orozco, Sebastián de.
_941351
245 1 0 _aEmblemas morales /
_cSebastián de Covarrubias ; edición e introducción de Carmen Bravo-Villasante.
250 _aEd. facs.
260 _aMadrid :
_bFundación Universitaria Española,
_c1978.
300 _aXXX, 300 f. :
_bil. ;
_c24 cm.
490 1 _aPublicaciones de la Fundación Universitaria Española. Facsímiles ;
_v3
534 _pReprod. facs. de la ed. de:
_cMadrid : Luis Sánchez, 1610.
650 7 _aEmblemas
_2embne
_910095
655 7 _2tgfbne
_9226495
_aFacsímiles
700 1 _aBravo-Villasante, Carmen,
_d1918-1994
_931507
830 1 _aPublicaciones de la Fundación Universitaria Española. Facsímiles ;
_v3
_9184836
852 4 _aES-MaACL
_jA-9786
942 _2udc
999 _c49803
_d49803